Life after television

Na minha lista:
Detalhes bibliográficos
Autor principal: Gilder, George
Formato: Livro
Idioma:Undetermined
Publicado em: New York W. W. Norton & Company 1994
Assuntos:
Tags: Adicionar Tag
Sem tags, seja o primeiro a adicionar uma tag!
Thư viện lưu trữ: Trung tâm Học liệu Trường Đại học Cần Thơ
LEADER 00476nam a2200181Ia 4500
001 CTU_82984
008 210402s9999 xx 000 0 und d
082 |a 006.7 
082 |b G468 
100 |a Gilder, George 
245 0 |a Life after television 
245 0 |c George Gilder 
260 |a New York 
260 |b W. W. Norton & Company 
260 |c 1994 
650 |a Interactive video 
904 |i QHieu(sửa) 
980 |a Trung tâm Học liệu Trường Đại học Cần Thơ